[Event "EICC 2019"]
[Site "Skopia"]
[Date "2019.03.29"]
[Round "11.14"]
[White "Vallejo Pons, Francisco"]
[Black "Can, Emre"]
[Result "1-0"]
[WhiteElo "2698"]
[BlackElo "2586"]
[Annotator "TA"]
[PlyCount "164"]
[EventDate "2019.03.18"]
[EventType "swiss"]
[EventCountry "MKD"]
[SourceTitle "playchess.com"]
[Source "ChessBase"]
[SourceQuality "1"]

{[%evp 15,164,39,46,0,24,0,0,0,9,0,4,-24,14,10,26,8,95,95,96,100,111,112,126,116,126,132,125,127,143,136,144,84,84,83,78,82,79,81,78,72,72,72,83,72,73,75,73,72,73,0,85,74,74,49,106,64,175,141,141,134,143,143,139,137,150,142,139,117,166,170,212,225,214,222,204,184,204,179,181,0,97,0,182,167,167,185,179,171,172,167,242,235,238,238,254,223,225,0,0,0,233,225,286,285,302,285,290,285,300,297,286,279,327,298,391,389,447,434,434,420,372,377,360,305,289,261,335,320,160,102,103,110,360,439,811,781,647,607,29974,29975,6029,1512,29984,29985,29985,29986,29986,29984,29984,29984,29985]} 1. e4 c5 2. Nf3 d6 3. d4 cxd4 4. Nxd4 Nf6 5. Nc3 a6 6. h3 e6 7. g4 h6 8. Bg2 Be7 {LiveBook: 107 Games. B81: Sicilian Scheveningen: Keres Attack} (8... g5 9. Be3 Nbd7 10. Qe2 Ne5 11. O-O-O Nfd7 12. h4 Rg8 13. hxg5 hxg5 14. Kb1 b5 15. f4 gxf4 16. Bxf4 Bb7 {½-½ (56) Karjakin,S (2773)-Mamedyarov,S (2801) Saint Louis 2018}) 9. b3 Nc6 10. Bb2 Qc7 $146 {The position is equal.} ({Predecessor:} 10... Bd7 11. Qd2 Qc7 12. O-O-O O-O-O {½-½ (53) Leino,P (1959)-Riihimaki,P (1966) Finland 2016}) 11. Nxc6 bxc6 12. Qd2 e5 13. Nd1 {[%cal Bc3d1,Bd1e3,Be3d5][%mdl 32]} d5 14. exd5 Nxd5 15. Ne3 Bg5 (15... Be6 $11) 16. O-O-O $1 $16 O-O 17. Kb1 Be6 18. Bxd5 cxd5 19. Nxd5 Qb7 20. Qe2 f6 21. Qe4 Rab8 22. Rd3 Kh8 23. f3 (23. h4 $142 $1 {[%cal Rh4g5]} Bf4 24. Re1) 23... Bg8 {With the idea ...Bh7.} 24. Ne3 Qxe4 25. fxe4 Bxe3 26. Rxe3 Rfd8 27. c4 Be6 28. Kc2 Kh7 29. Bc3 Kg6 30. Rg1 Kf7 31. Ba5 Rd4 32. Bc3 Rdd8 33. Rf3 {Bxe5 is the strong threat.} Ke7 34. Rf2 Bg8 (34... Bc8 $14) 35. Re1 g5 ({Black should try} 35... Be6 $14) 36. Ref1 Rd6 37. Bb2 {Threatens to win with Ba3.} Rc6 38. Ba3+ Kf7 39. Rd1 Rb7 40. Rd8 $36 {[%mdl 2048] White is in control.} Kg7 41. Bd6 Bf7 42. Kc3 h5 43. gxh5 Bxh5 44. c5 Bg6 45. Re2 Bh5 46. Re3 Bf7 47. Re2 $2 (47. Ra8 $18) 47... Be6 (47... Bh5 $1 $11 48. Rf2 a5) 48. Re3 (48. Ra8 $16) 48... Kg6 $2 (48... Bf7 $1 $11) 49. Re8 $18 Kf7 50. Rf8+ Kg7 {And now ...Rd7 would win.} 51. Ra8 $1 Kg6 52. Rf3 Rd7 (52... Kg7 $142 53. Re8 Bf7) 53. Kb4 $1 Rb7+ 54. Ka5 $1 Rb5+ 55. Ka4 Rb7 56. Ka5 Rb5+ $1 57. Ka4 Rb7 58. Rf8 Bf7 59. b4 Kg7 60. a3 Rb5 61. Rf1 Rb7 62. Rb8 Rxb8 63. Bxb8 {[%mdl 4096] Endgame KRB-KRB} Rc8 64. Bd6 Rh8 65. Rf3 Rh4 66. c6 {[%cal Bc5c6,Bc6c7][%mdl 32]} Rxe4 67. c7 Be6 68. Ka5 Rc4 {[#]} 69. Bc5 $1 e4 70. Rg3 Kg6 71. Kxa6 f5 72. Kb6 (72. Be7 $142) 72... f4 $16 73. Rg1 {Strongly threatening a4.} f3 $2 {[#]} (73... e3 $16) 74. Be3 $1 $18 Rc3 (74... Kf6 $142 75. b5 Bd7 76. Bxg5+ Kf5) 75. Rxg5+ Kf7 76. Bd4 e3 {White must now prevent ...f2.} 77. Rg7+ Ke8 78. Rg6 (78. Bxc3 $142 f2 79. Rg6) 78... Bxh3 79. Bxc3 {White mates.} f2 80. Rf6 Ke7 81. Rf4 Kd6 82. Bd4 Kd5 {Precision: White = 68%, Black = 52%.} 1-0

[Event "EICC 2019"]
[Site "Skopia"]
[Date "2019.03.29"]
[Round "11.15"]
[White "Bosiocic, Marin"]
[Black "Tomashevsky, Evgeny"]
[Result "1/2-1/2"]
[WhiteElo "2614"]
[BlackElo "2705"]
[Annotator "TA"]
[PlyCount "61"]
[EventDate "2019.03.18"]
[EventType "swiss"]
[EventCountry "MKD"]
[SourceTitle "playchess.com"]
[Source "ChessBase"]
[SourceQuality "1"]

{[%evp 13,61,4,8,8,7,8,7,11,11,10,8,13,10,0,3,0,5,0,9,6,12,0,13,11,11,11,11,11,0,0,11,12,28,11,11,11,11,11,11,11,11,0,0,0,20,0,0,0,0,0]} 1. d4 Nf6 2. c4 e6 3. Nf3 d5 4. Nc3 Be7 5. Bf4 O-O 6. e3 Nbd7 7. c5 Nh5 8. Bd3 {D37: Queen's Gambit Declined: 5 Bf4} Nxf4 9. exf4 b6 10. b4 a5 11. a3 c6 12. O-O Ba6 (12... Qc7 13. g3 Ba6 14. Kg2 Bxd3 15. Qxd3 Ra7 {1-0 (82) Vachier Lagrave,M (2789)-Karjakin,S (2782) Paris 2018}) 13. Re1 Bxd3 14. Qxd3 Bf6 15. g3 $146 ({Predecessor:} 15. Ne5 Bxe5 16. fxe5 {0-1 (65) Delavari,A (2129)-Mirzoev,A (2537) Sareyn 2017}) 15... Ra7 16. Rec1 Qa8 {[#] ...axb4 is the strong threat.} 17. Qd1 Qb7 18. Rab1 axb4 19. axb4 Rfa8 20. Kg2 Ra3 21. h4 bxc5 22. bxc5 Qa6 23. Rb3 Rxb3 {The position is equal.} 24. Qxb3 h5 25. Rb1 Rb8 26. Qc2 Rxb1 27. Nxb1 Nf8 28. Qb3 Qa8 29. Nc3 Ng6 30. Qa2 Qb7 31. Na4 {Accuracy: White = 54%, Black = 79%.} 1/2-1/2

[Event "EICC 2019"]
[Site "Skopia"]
[Date "2019.03.29"]
[Round "11.16"]
[White "Dubov, Daniil"]
[Black "Erdos, Viktor"]
[Result "1-0"]
[WhiteElo "2703"]
[BlackElo "2612"]
[Annotator "TA"]
[PlyCount "129"]
[EventDate "2019.03.18"]
[EventType "swiss"]
[EventCountry "MKD"]
[SourceTitle "playchess.com"]
[Source "ChessBase"]
[SourceQuality "1"]

{[%evp 9,129,15,14,19,23,22,18,18,22,4,13,10,-1,7,7,0,29,18,25,0,16,0,50,54,78,66,136,96,137,93,105,86,100,72,76,0,0,0,0,7,0,0,0,0,0,0,0,0,0,-7,-10,-202,-203,-250,-228,-262,-227,-217,-121,-130,-131,-250,-262,-288,-274,-261,-269,-243,0,-285,-243,-806,-822,-875,-866,-900,-445,-422,-425,-388,-250,-245,-268,-237,0,0,0,-198,-204,-552,-543,-556,-548,-523,-526,-388,-104,-95,8,8,8,8,8,15,8,8,3094,1993,10427,4039,29973,29974,29975,29976,29979,29980,29981,29982,29983,29977,29989,29990]} 1. c4 e5 2. Nc3 Bb4 3. Nd5 Be7 4. d4 exd4 5. Qxd4 Nf6 6. Nxe7 {A21: English Opening: 1...e5 2 Nc3} Qxe7 7. Bg5 (7. Qe3 Nc6 8. Qxe7+ Kxe7 9. Bd2 Ne4 10. f3 Nxd2 11. Kxd2 d6 12. e4 {½-½ (20) Heimann,A (2578)-Erdos,V (2619) Balatonszarszo 2017}) 7... Nc6 8. Qc3 {The position is equal.} Ne5 $146 ({Predecessor:} 8... d6 9. Nf3 Be6 10. e3 O-O-O 11. O-O-O Kb8 12. Be2 {1-0 (30) Degerhammar,R (2475)-Brewer,S (2427) ICCF email 2014}) 9. g3 d6 10. Bg2 h6 11. Bxf6 Qxf6 12. Nh3 Bxh3 13. Bxh3 h5 14. Bg2 c6 15. h3 Rh6 16. Rd1 g5 17. h4 {And now hxg5 would win.} gxh4 (17... g4 $1 $14) 18. Rxh4 $16 O-O-O 19. Qd4 Kb8 20. b4 Qe7 21. Re4 Re6 22. Re3 (22. Bh3 $1 $16 {[%cal Rh3e6]} Ng4 23. Rxe6 fxe6 24. Bxg4) 22... Ng4 $11 23. Rxe6 fxe6 24. Bf3 e5 25. Qe4 Nf6 26. Qh4 d5 $36 {[%mdl 2048] Black fights for an advantage.} 27. cxd5 cxd5 28. Kf1 e4 29. Bg2 Qe5 30. f4 $2 (30. Rc1 $11) 30... Qe7 31. Bh3 Rg8 $1 32. e3 a6 33. a4 Ka7 (33... Qd6 $1 $19 34. Kg2 Qb6) 34. Bf5 Rg7 35. Kg2 (35. b5 $17 {was worth a try.}) 35... Qc7 $19 {( -> ...Qc2+)} 36. Rd2 Qc3 37. Re2 Qd3 38. Kf2 Qc3 39. Kg2 $1 Qa1 40. Rf2 $2 (40. Qh1 Qxa4 41. Kf2) 40... Rc7 41. Qh1 Rc1 42. Rf1 Rc2+ (42... Qb2+ $142 43. Kg1 Rc2) 43. Kh3 Qc3 44. Rd1 Qxb4 45. Rb1 Qd2 ({Don't play} 45... Qxa4 46. Qd1) 46. Kh4 Ng4 $2 ({Less strong is} 46... Qxe3 47. Rxb7+ Kxb7 48. Qb1+ Ka7 49. Qxc2 $15) ({Better is} 46... d4 $1 $19 {White must now prevent ...Qa5.} 47. exd4 Qa5) 47. Bxg4 $11 hxg4 {[%mdl 4096] Endgame KQR-KQR} 48. Kg5 $2 (48. Qd1 $11 {and White stays safe.}) 48... Rc7 $19 {Strongly threatening ...Rg7+.} 49. Qe1 $2 {[#]} (49. Qd1 {is more resistant.} Qxe3 50. Qg1 Qxg1 51. Rxg1) 49... Qh2 $1 {[%cal Rh2h7]} 50. Qb4 {[#]} Rg7+ $1 51. Kf6 Qh6+ 52. Ke5 Rd7 $2 (52... Rf7 $19 {has better winning chances.} 53. f5 Qf6+ 54. Kxd5 Rd7+ 55. Kc4 Qf7+ 56. Kc3 Qxf5) 53. f5 $17 Qxe3 ({Black should try} 53... d4 $17 54. exd4 e3) 54. Qd4+ $11 Qxd4+ 55. Kxd4 {f6 is the strong threat. KR-KR} Kb8 56. f6 {Threatens to win with Rf1.} Kc7 57. Rf1 {Hoping for f7.} Rf7 $2 {[%mdl 8192]} (57... Rd8 $11) 58. Kxd5 $18 Kd7 59. Kxe4 b5 60. axb5 {White mates.} axb5 61. Kf5 Ke8 62. Kg6 Ra7 63. Re1+ Kf8 64. Rc1 {[%cal Rc1c8]} Ra8 65. Rh1 {Accuracy: White = 55%, Black = 46%.} 1-0

[Event "EICC 2019"]
[Site "Skopia"]
[Date "2019.03.29"]
[Round "11.17"]
[White "Predke, Alexandr"]
[Black "Kovalev, Vladislav"]
[Result "1-0"]
[WhiteElo "2611"]
[BlackElo "2703"]
[Annotator "TA"]
[PlyCount "101"]
[EventDate "2019.03.18"]
[EventType "swiss"]
[EventCountry "MKD"]
[SourceTitle "playchess.com"]
[Source "ChessBase"]
[SourceQuality "1"]

{[%evp 17,101,44,43,37,40,42,48,41,45,47,52,58,88,96,112,104,202,197,181,197,193,157,259,264,267,255,263,254,224,217,970,269,230,199,192,195,206,196,205,198,200,201,199,176,183,159,216,217,235,235,228,231,252,252,252,252,252,252,252,252,248,248,245,216,252,252,252,250,390,389,412,412,398,394,585,585,570,570,570,570,537,523,514,423,1349,1341]} 1. e4 e5 2. Nf3 Nc6 3. Bb5 a6 4. Ba4 d6 5. O-O Bd7 6. d4 exd4 {C72: Ruy Lopez: Deferred Steinitz: 5 0-0} 7. Bxc6 (7. Nxd4 Nxd4 8. Bxd7+ Qxd7 9. Qxd4 Nf6 10. Nc3 Be7 11. Bf4 O-O 12. Rad1 Qc6 13. Nd5 Nxd5 14. exd5 Qxc2 15. Rc1 Qf5 16. Rxc7 Bf6 17. Qd2 Rfc8 18. Rfc1 Rxc7 19. Rxc7 {0-1 (32) Howell,D (2687)-McShane,L (2669) Hull 2018 CBM 186 [Fernandez,D]}) 7... Bxc6 8. Nxd4 Be7 9. Nxc6 bxc6 {LiveBook: 14 Games} 10. f4 Nf6 11. Nc3 O-O 12. Qf3 Nd7 $146 ({Predecessor:} 12... Qd7 13. h3 h6 14. b3 Nh7 15. Bb2 f5 16. Rae1 fxe4 17. Nxe4 d5 18. Ng3 Bf6 19. Bxf6 Nxf6 {½-½ (38) Lavrov,M (2368)-Petrukhin,D (2380) Berdsk 2009}) 13. Be3 Bf6 14. Bf2 Qb8 15. e5 $1 {[%cal Re5f6]} dxe5 16. Rad1 Nb6 (16... Rd8 $16) 17. Ne4 $1 $18 {[%cal Re4f6]} (17. Qxc6 exf4 18. Bd4 Bxd4+ 19. Rxd4 Qe8 $11) 17... Be7 18. fxe5 Kh8 19. Rd3 Nc4 (19... f6 $16 20. Qh5 Qe8 21. Qxe8 Raxe8) 20. Bd4 c5 21. Bc3 (21. Nxc5 Bxc5 22. Bxc5 Nxe5 $11) 21... Qb6 22. Qg4 Qe6 23. Qh5 {Hoping for Nf6!} Rad8 $2 {[#]} (23... Qg6 24. Qxg6 fxg6) 24. Rdf3 $2 (24. Rf6 $3 {[%mdl 512]} gxf6 (24... Bxf6 25. exf6) 25. exf6 (25. Rh3 Qxh3 26. Qxh3 fxe5 $14)) 24... Qd5 25. Qf5 Qe6 26. Qxe6 fxe6 27. Rxf8+ Bxf8 {[#]} 28. Ng5 $1 {[%cal Rg5f7]} Kg8 29. Nxe6 Rc8 30. Rd1 Nb6 31. Ba5 Be7 (31... Kf7 $16 {was called for.}) 32. Nxc7 Rxc7 33. Bxb6 {[%mdl 4096] Endgame KRB-KRB} Rb7 34. Bd8 Kf8 35. b3 c4 36. Bxe7+ (36. bxc4 $6 Rb2 $16) 36... Kxe7 {KR-KR} 37. Rd5 (37. bxc4 $6 Rb2 $16) 37... Ke6 38. Rd6+ ({But not} 38. bxc4 $6 Rb1+ 39. Kf2 Rb2 $16) 38... Kxe5 39. Rxa6 Rd7 40. h3 ({Resist} 40. bxc4 $6 Rd1+ 41. Kf2 Rd2+ 42. Kf3 Rxc2 $16) 40... Rd2 41. c3 ({Much less strong is} 41. bxc4 $6 Rxc2 42. Ra7 Kf6 $16) 41... Rb2 42. Ra7 g5 (42... cxb3 $142 43. axb3 Rxb3 44. Rxg7 Rxc3 45. Rxh7 Kf4) 43. Rxh7 cxb3 44. axb3 Rxb3 45. Rc7 g4 (45... Rb2 $142 46. Kh2 Rb5) 46. hxg4 {White is clearly winning.} Kf4 47. Kh2 Kxg4 48. Rc4+ Kf5 49. Kg3 Ke5 50. Kf3 Rb8 (50... Kd5 $142) 51. Re4+ {Precision: White = 80%, Black = 55%.} 1-0

[Event "EICC 2019"]
[Site "Skopia"]
[Date "2019.03.29"]
[Round "11.18"]
[White "Ragger, Markus"]
[Black "Pantsulaia, Levan"]
[Result "1-0"]
[WhiteElo "2696"]
[BlackElo "2611"]
[Annotator "TA"]
[PlyCount "65"]
[EventDate "2019.03.18"]
[EventType "swiss"]
[EventCountry "MKD"]
[SourceTitle "playchess.com"]
[Source "ChessBase"]
[SourceQuality "1"]

{[%evp 9,65,26,29,27,43,43,46,47,58,63,100,34,39,39,36,39,51,45,43,46,45,-6,-7,-6,-15,-4,-4,-12,0,0,0,-53,-51,-35,-29,-38,-38,-38,-48,-35,260,241,204,216,210,55,464,443,478,466,623,618,1242,1038,1009,997,922,873]} 1. e4 c5 2. Nf3 e6 3. d4 cxd4 4. Nxd4 a6 5. g3 Nf6 6. Bg2 {B41: Sicilian: Kan Variation: 5 c4} Qc7 7. O-O h5 $146 ({Predecessor:} 7... Nc6 8. c4 Bc5 9. Be3 Nxd4 10. Bxd4 e5 11. Bxc5 Qxc5 12. Nc3 d6 13. Qd3 Be6 14. b3 O-O 15. Rfd1 Rfd8 16. Rac1 {0-1 (55) Paravyan,D (2634)-Gordievsky,D (2614) St Petersburg 2018}) 8. Qe2 {White is slightly better.} Bc5 9. Nb3 Ba7 10. Bf4 (10. e5 $16 Ng4 11. Bf4) 10... e5 $14 11. Bg5 d6 12. Nc3 Be6 13. Bxf6 gxf6 14. Rad1 h4 15. Qd3 (15. Qf3 $14) 15... hxg3 16. hxg3 Nc6 17. Qxd6 Qxd6 18. Rxd6 Ke7 19. Rd2 $36 {[%mdl 2048] White is pushing.} Rag8 {[#] Strongly threatening ...Rxg3.} 20. Nd5+ (20. Ne2 $11) 20... Bxd5 $1 $15 21. exd5 Rxg3 $1 {Threatens to win with ...Nb8.} 22. dxc6 {Hoping for Rd7+.} Rhg8 $1 23. Rfd1 Rxg2+ 24. Kf1 $1 ({Don't blunder} 24. Kh1 $2 R2g6 $19) 24... Rh2 $2 {[%mdl 8192]} (24... Rg1+ $15 {keeps the upper hand.} 25. Ke2 Rxd1 26. Rxd1 bxc6) 25. cxb7 $18 Rgg2 {[%cal Rg2f2] [#]} 26. Nc5 $1 {[%mdl 512]} f5 (26... Bxc5 27. b8=Q) 27. Rd7+ $2 ({White should try} 27. Re1 $18 e4 28. Re3) 27... Kf6 $2 {[%mdl 8192]} (27... Kf8 $14 28. R1d2 e4) 28. R1d6+ {White is clearly winning.} Kg5 29. Rd2 e4 {intending ...Kf6.} 30. Rxf7 Kf4 31. Re2 Rg8 32. Rxe4+ Kg5 33. Re5 {Accuracy: White = 59%, Black = 45%.} 1-0

[Event "EICC 2019"]
[Site "Skopia"]
[Date "2019.03.29"]
[Round "11.19"]
[White "Chigaev, Maksim"]
[Black "Korobov, Anton"]
[Result "1/2-1/2"]
[WhiteElo "2613"]
[BlackElo "2686"]
[Annotator "TA"]
[PlyCount "112"]
[EventDate "2019.03.18"]
[EventType "swiss"]
[EventCountry "MKD"]
[SourceTitle "playchess.com"]
[Source "ChessBase"]
[SourceQuality "1"]

{[%evp 20,112,7,0,14,14,14,11,23,12,11,12,14,8,8,14,20,20,20,16,16,7,18,0,0,0,43,43,38,36,31,31,48,31,44,16,24,12,40,4,17,4,15,3,3,3,4,4,8,8,9,0,46,56,135,0,0,0,0,0,0,0,0,0,0,0,0,0,0,0,0,0,0,0,0,0,0,0,0,0,0,0,0,0,0,0,0,0,0,0,0,0,0,0,0]} 1. e4 c5 2. Nc3 e6 3. Nf3 Nc6 4. d4 cxd4 5. Nxd4 Nf6 6. a3 Be7 7. Be2 O-O 8. Be3 d5 9. exd5 Nxd5 10. Nxd5 Qxd5 11. O-O {LiveBook: 3 Games} Nxd4 {B45: Sicilian Four Knights} 12. Qxd4 Qxd4 13. Bxd4 Bd7 (13... Rd8 14. Rad1 Bd7 15. Bf3 Bc6 16. Bxc6 bxc6 17. Be3 a6 18. g3 Kf8 19. Kg2 {½-½ (36) Van Foreest,J (2629)-Vidit,S (2715) Riadh 2017}) 14. Bf3 Bc6 15. Bxc6 bxc6 16. Rfd1 Rfd8 17. Kf1 f6 18. Be3 $146 ({Predecessor:} 18. Ke2 Kf7 19. Rd3 {½-½ (32) Panchenko,A (2475)-Chernov,V (2400) Bucharest 1993}) 18... a6 19. Ke2 e5 20. Rd3 Rxd3 21. cxd3 $11 {[%mdl 4096] Endgame KRB-KRB} Rb8 22. b4 Kf7 23. Rc1 Rc8 24. d4 exd4 25. Bxd4 Bd6 26. Bc5 Be5 27. Rd1 {Black should prevent Rd7+.} Ke6 28. g3 g5 29. h3 h5 30. Rd2 g4 31. hxg4 hxg4 32. Rc2 Kd5 33. Kd3 Rh8 34. Be3 Bd6 35. Bd4 Rh3 36. Bxf6 Bxg3 ({Black should try} 36... c5 $14) 37. Rc5+ (37. fxg3 $16 Rxg3+ 38. Kd2 Rg2+ 39. Kc3 Rxc2+ 40. Kxc2) 37... Ke6 {The position is equal.} 38. fxg3 Rxg3+ 39. Ke4 Kxf6 40. Rxc6+ {KR-KR} Kg5 41. Rxa6 Rb3 42. Ra8 g3 43. Kd4 Kf4 44. Kc4 Rb1 {Black wants to play ...g2.} 45. Rf8+ Ke4 {[#] aiming for ...g2.} 46. Rg8 Kf3 47. a4 g2 48. Rxg2 Kxg2 {KR-KPP} 49. a5 Kf3 50. a6 Ke4 51. Kc5 Rc1+ 52. Kb6 Kd5 53. a7 Ra1 54. Kb7 Kc4 55. a8=Q Rxa8 56. Kxa8 Kxb4 {Precision: White = 72%, Black = 66%.} 1/2-1/2

[Event "EICC 2019"]
[Site "Skopia"]
[Date "2019.03.29"]
[Round "11.20"]
[White "Dreev, Aleksey"]
[Black "Zhigalko, Sergei"]
[Result "1-0"]
[WhiteElo "2662"]
[BlackElo "2604"]
[Annotator "TA"]
[PlyCount "89"]
[EventDate "2019.03.18"]
[EventType "swiss"]
[EventCountry "MKD"]
[SourceTitle "playchess.com"]
[Source "ChessBase"]
[SourceQuality "1"]

{[%evp 13,89,2,0,-19,-9,-8,0,0,-2,-1,-9,0,-2,-73,0,0,0,0,0,0,0,0,0,0,0,0,0,0,0,0,0,-9,-9,-30,20,31,75,96,85,0,0,0,77,77,113,0,10,0,0,0,0,0,0,0,0,-22,-16,-31,0,-8,-8,-8,-9,-121,0,-74,125,108,685,679,29991,29992,29992,29993,29993,29994,29998,29999]} 1. d4 Nf6 2. Nf3 e6 3. c4 b6 4. a3 Bb7 5. Nc3 d5 6. Qc2 dxc4 7. e4 c5 8. Bf4 {E12: Queen's Indian: Unusual White 4th moves, 4 a3, 4 Nc3 Bb7 5 a3 and 4 Nc3 Bb7} a6 9. Bxc4 b5 10. Bb3 {The position is equal.} cxd4 11. Rd1 Nc6 $146 {Black wants to play ...Rc8.} ({Predecessor:} 11... Qb6 12. Nxd4 Bc5 13. Nf3 Nbd7 14. O-O Rc8 15. Qe2 Qc6 {1-0 (35) Li,C (2735)-Eljanov,P (2739) Geneva 2017}) 12. O-O $1 Rc8 {Threatens to win with ...Qb6.} 13. e5 (13. Rfe1 $11 {remains equal.}) 13... Nh5 {[#]} (13... Qc7 $1 $17 14. Ne2 Nh5) 14. Be3 $1 $11 {[%cal Rf3d4][%mdl 512]} Qc7 (14... dxe3 15. Rxd8+) 15. Nxd4 Nxd4 16. Bxd4 Nf4 17. f3 Bc5 18. Qf2 O-O 19. Rfe1 Ng6 20. f4 Bxd4 21. Rxd4 Rfd8 22. Rxd8+ Rxd8 23. f5 exf5 24. e6 f4 25. exf7+ Kf8 26. Qe2 (26. Qa7 $1 $16) 26... Qc5+ 27. Kf1 {Threatening mate with Qe8+.} Bc6 (27... Ne7 $11) 28. Nd5 $16 Qd6 29. h4 (29. Nb4 $16 f3 30. gxf3) 29... b4 {...Bb5 is the strong threat.} (29... Bxd5 30. Qe8+ Rxe8 31. fxe8=Q#) 30. a4 f3 (30... Bxd5 31. Qe8+ Rxe8 32. fxe8=Q#) 31. gxf3 {aiming for h5.} Qg3 ({Not} 31... Bxd5 32. Qe8+ Rxe8 33. fxe8=Q#) 32. Qe4 $40 {[%mdl 128] White has some attack.} (32. Nxb4 $2 Bd7 $19) 32... Qh3+ 33. Kf2 Qh2+ 34. Ke3 Bxd5 ({Don't go for} 34... Qxb2 $2 35. Qxb4+ Kxf7 36. Nf4+ Ke8 37. Nxg6 $18) 35. Bxd5 Qxb2 {Hoping for ...Ne7.} 36. Rd1 Qc3+ 37. Ke2 $1 Qe5 38. Ke3 {[#]} (38. Qxe5 $11 {keeps the balance.} Nxe5 39. a5) 38... Qc3+ (38... a5 $1 $17 {White must now prevent ...Qe7.} 39. Qxe5 Nxe5) 39. Kf2 {[#]} (39. Ke2 $1 $11) 39... Ne7 $2 (39... Qc5+ $1 $17 {keeps the pressure on.} 40. Ke2 Qe7 41. Qxe7+ Nxe7) 40. Bc4 {[%cal Rd1d8][%mdl 64] Discovered Attack} Qb2+ $2 {[%mdl 8192]} (40... Rc8 $16 41. Re1 (41. Bxa6 Qc2+ {[%mdl 64] Double Attack} 42. Ke1 Qxe4+ 43. fxe4 Rc3 $16) 41... Qf6) 41. Kg3 $18 {[%cal Rd1d8]} Rb8 {intending ...Qf6.} 42. Qf4 {White mates.} Rc8 {[#]} 43. Qc7 $3 {[%mdl 512]} Nf5+ (43... Rxc7 44. Rd8#) 44. Kh3 Rxc7 45. Rd8+ {Accuracy: White = 47%, Black = 42%.} 1-0

[Event "EICC 2019"]
[Site "Skopia"]
[Date "2019.03.29"]
[Round "11.21"]
[White "Bartel, Mateusz"]
[Black "Kovalenko, Igor"]
[Result "1-0"]
[WhiteElo "2600"]
[BlackElo "2658"]
[Annotator "TA"]
[PlyCount "75"]
[EventDate "2019.03.18"]
[EventType "swiss"]
[EventCountry "MKD"]
[SourceTitle "playchess.com"]
[Source "ChessBase"]
[SourceQuality "1"]

{[%evp 11,75,16,25,26,54,31,42,32,35,28,46,50,41,24,37,21,87,81,82,70,83,82,81,82,82,79,89,84,71,97,183,188,255,197,345,349,350,329,322,341,317,261,287,144,144,144,134,145,159,130,175,145,133,133,137,80,144,150,355,288,310,295,265,280,664,628]} 1. e4 c6 2. d4 d5 3. e5 Bf5 4. Nf3 e6 5. Be2 Nd7 6. O-O h6 7. a4 {B12: Caro-Kann: Advance Variation} a5 8. Nbd2 Ne7 9. Nb3 {White is slightly better.} Qc7 10. Bd2 g5 11. Rc1 Bg7 12. Qe1 {[%cal Rd2a5]} (12. c4 O-O 13. cxd5 Nxd5 14. h4 g4 {½-½ (48) Sethuraman,S (2665)-Shimanov,A (2610) chess.com INT 2019}) 12... b6 13. c4 Qb7 (13... O-O $11 {keeps the balance.}) 14. cxd5 $146 ({Predecessor:} 14. h4 g4 {1-0 (40) Suvorov,S (2229)-Mjakonkikh,D (2211) Angarsk 2015}) 14... Nxd5 15. h4 f6 16. exf6 Bxf6 {[#]} 17. Ne5 $1 {[%mdl 512]} Bxe5 (17... Nxe5 18. dxe5) 18. dxe5 c5 19. hxg5 hxg5 20. Bxg5 Nf8 (20... Nxe5 $16 21. Bb5+ {[%mdl 64] Discovered Attack} Nd7) 21. f4 $1 $18 Ng6 (21... Qh7 $142) 22. Qg3 ({Resist} 22. Bb5+ $6 Kf7 $16) 22... Kf7 (22... Qh7 $142 23. Kf2 Kf7) 23. Nd2 Rag8 24. Nc4 {And now Nd6+ would win.} Kf8 25. Nd6 Qh7 26. Nxf5 (26. Kf2 Ngxf4 27. Rh1 Nxe2 $16) 26... exf5 27. Rcd1 ({White must play} 27. Rc4 $1 $18) 27... Ngxf4 $16 28. Rxf4 Rxg5 29. Qxg5 Qh2+ 30. Kf2 Qxf4+ 31. Qxf4 Nxf4 {[%mdl 4096] Endgame KRB-KRN} 32. Rd8+ Kg7 33. Rd7+ (33. Rxh8 $142 Kxh8 34. g3) 33... Kg6 (33... Kh6 $142) 34. Bc4 $1 Rb8 $2 (34... Kg5 $16 {was necessary.}) 35. Bf7+ Kg5 {[#]} 36. e6 $1 {[%cal Re6e7]} Kf6 {[#]} 37. e7 $1 {[%cal Re7e8]} Nd3+ $2 (37... Kxf7 38. Rd8 Kxe7 39. Rxb8 Nd5) 38. Rxd3 {Accuracy: White = 74%, Black = 41%.} 1-0